The Sale of Goods Act (III of 1930) / (Record no. 540979)

000 -LEADER
fixed length control field 00409nam a22001217a 4500
082 ## - DEWEY DECIMAL CLASSIFICATION NUMBER
Classification number 346.5491072
100 ## - MAIN ENTRY--PERSONAL NAME
Personal name Malik, Amna Bakhtiar ; Qazi, Shams-Ul-Haq
245 ## - TITLE STATEMENT
Title The Sale of Goods Act (III of 1930) /
Statement of responsibility, etc. Amna Bakhtiar Malik ; Shams-Ul-Haq Qazi
260 ## - PUBLICATION, DISTRIBUTION, ETC.
Place of publication, distribution, etc. Lahore :
Name of publisher, distributor, etc. Irfan Law Book House,
Date of publication, distribution, etc. 2018.
300 ## - PHYSICAL DESCRIPTION
Extent 213 p. ;
Dimensions 24cm.
942 ## - ADDED ENTRY ELEMENTS (KOHA)
Source of classification or shelving scheme
Koha item type Book
Holdings
Withdrawn status Lost status Source of classification or shelving scheme Damaged status Not for loan Permanent Location Current Location Shelving location Date acquired Source of acquisition Full call number Barcode Date last seen Price effective from Koha item type
          NUST Law School (NLS) NUST Law School (NLS) Law 11/13/2020 Golden Books 346.5491072 MAL CL-455 11/13/2020 11/13/2020 Book
© 2023 Central Library, National University of Sciences and Technology. All Rights Reserved.